Advances in safety technology (Record no. 582770)
[ view plain ]
| 000 -LEADER | |
|---|---|
| fixed length control field | 00497nam a22001817a 4500 |
| 003 - CONTROL NUMBER IDENTIFIER | |
| control field | CEME |
| 005 - DATE AND TIME OF LATEST TRANSACTION | |
| control field | 20210628205927.0 |
| 008 - FIXED-LENGTH DATA ELEMENTS--GENERAL INFORMATION | |
| fixed length control field | 210209b xxu||||| |||| 00| 0 eng d |
| 020 ## - INTERNATIONAL STANDARD BOOK NUMBER | |
| International Standard Book Number | 0-7680-0141-2 |
| 040 ## - CATALOGING SOURCE | |
| Transcribing agency | . |
| 082 ## - DEWEY DECIMAL CLASSIFICATION NUMBER | |
| Classification number | 629.2-SAE ADV |
| 100 ## - MAIN ENTRY--PERSONAL NAME | |
| Personal name | Sae |
| 9 (RLIN) | 9435 |
| 245 ## - TITLE STATEMENT | |
| Title | Advances in safety technology |
| 260 ## - PUBLICATION, DISTRIBUTION, ETC. | |
| Place of publication, distribution, etc. | USA |
| Name of publisher, distributor, etc. | SAE INTERNATIONAL |
| Date of publication, distribution, etc. | 1998 |
| 300 ## - PHYSICAL DESCRIPTION | |
| Extent | 211P |
| 650 ## - SUBJECT ADDED ENTRY--TOPICAL TERM | |
| Topical term or geographic name entry element | AUTOMOTIVE VEHICLES-SAFETY TECHNOLOGY SAFETY TECHNOLOGY-AUTOMOTIVE VEHICLES |
| 9 (RLIN) | 77509 |
| 942 ## - ADDED ENTRY ELEMENTS (KOHA) | |
| Koha item type | Book |
| Source of classification or shelving scheme | |
| Withdrawn status | Lost status | Damaged status | Not for loan | Permanent Location | Current Location | Shelving location | Date acquired | Total Checkouts | Full call number | Barcode | Date last seen | Price effective from | Koha item type |
|---|---|---|---|---|---|---|---|---|---|---|---|---|---|
| College of Electrical & Mechanical Engineering (CEME) | College of Electrical & Mechanical Engineering (CEME) | General Stacks | 06/08/2017 | 629.2-SAE ADV | CEME-33101 | 06/28/2021 | 06/28/2021 | Book |
